00464nam a2200157Ia 450000500170000000800410001708200130005810000210007124500190009226000380011130000130014965000240016294200060018695200990019299900150029120250319212823.0240331s9999 xx 000 0 und d bPARa894 aParthasarathy, I 0aAval enmanaivi aChennaibTamil Puthakalayamc1996 a134 p ., aTamil Short Stories cL 001040708LaWERCLbWERCLcSSCd2024-03-31l0o 894.811 PARp4482r2024-03-31w2024-03-31yL c4292d4292